Možnosti riešenia sucha na Slovensku
Sucho ako rizikový faktor pre národné hospodárstvo, jednotlivca ako aj pre ochranu životného prostredia. Postoj človeka k vodným zdrojom. Kontroverzné a nebezpečné myšlienky o privatizovaní vodných zdrojov a obchodovaní s vodou ako komoditou. Vývoj témy riadenia sucha na Slovensku. Národný dialóg o...
Gespeichert in:
| 1. Verfasser: | |
|---|---|
| Weitere Verfasser: | |
| Format: | Buchkapitel |
| Sprache: | Slowakisch |
| Schlagworte: | |
| Tags: |
Keine Tags, Fügen Sie das erste Tag hinzu!
|
MARC
| LEADER | 00000naa a2200000 4500 | ||
|---|---|---|---|
| 001 | 0247165 | ||
| 005 | 20180828112555.6 | ||
| 041 | 0 | |a slo | |
| 044 | |a SK | ||
| 245 | 1 | 0 | |a Možnosti riešenia sucha na Slovensku |c Tomáš Orfánus, Jaroslav Vido |
| 520 | |a Sucho ako rizikový faktor pre národné hospodárstvo, jednotlivca ako aj pre ochranu životného prostredia. Postoj človeka k vodným zdrojom. Kontroverzné a nebezpečné myšlienky o privatizovaní vodných zdrojov a obchodovaní s vodou ako komoditou. Vývoj témy riadenia sucha na Slovensku. Národný dialóg o suchu. Projekt DriDanube. Sucho v našich regiónoch. | ||
| 610 | 2 | 0 | |a sucho |
| 610 | 2 | 0 | |a voda |
| 610 | 2 | 0 | |a zdroje vodné |
| 610 | 2 | 0 | |a zmeny klimatické |
| 610 | 2 | 0 | |a ochrana prostredia životného |
| 610 | 2 | 0 | |a regióny |
| 610 | 2 | 0 | |a Slovensko |
| 610 | 2 | 0 | |a výskum |
| 100 | 1 | |a Orfánus, Tomáš | |
| 700 | 1 | |a Vido, Jaroslav | |